|
|
|
|
| LEADER |
00000ny a22000003n 4500 |
| 005 |
20110621181149.0 |
| 008 |
080701s2007 sp s 000 0 spa c |
| 020 |
|
|
|a 9289479965
|
| 035 |
|
|
|a 2112
|
| 040 |
|
|
|a UMA.RE
|d vlex
|
| 080 |
|
|
|a 339.137.2(4-672UE)(0.034)
|
| 090 |
|
|
|c 1256
|d 1256
|
| 245 |
0 |
0 |
|a Modernizacin̤ de las normas de aplicacin̤ de los artc̕ulos 81 y 82 del Tratado CE
|h [Recurso electrn̤ico]
|c European Commission Directorate-General for Competition
|
| 256 |
|
|
|a Servicio en ln̕ea
|
| 260 |
|
|
|a [Luxemburgo] :
|b European Union Publications Office,
|c 2007
|
| 506 |
1 |
|
|a Contenido solo disponible en los productos indicados
|d vLex Global
|d vLex Global (Academic Edition, excluding Law Schools)
|d vLex Global (U.S. Academic Edition, Law Schools)
|d vLex Global (U.S. Academic Edition, excluding Law Schools)
|d vLex Global (Academic Edition, Law Schools)
|
| 650 |
0 |
7 |
|a Comunitario
|2 Tesauro vLex
|
| 710 |
2 |
|
|a Comisin̤ Europea.
|b Direccin̤ General de Competencia
|
| 740 |
0 |
|
|a vLex Libros (Servicios en ln̕ea)
|
| 856 |
4 |
0 |
|u http://vlex.com/source/2112
|z Acceso restringido
|
| 942 |
|
|
|c BOOK
|